000 01578cad a2200289 4500
001 ##L131391
008 050727n2005 000 0 eng u
035 _a(Sirsi) u131391
041 0 _aeng
050 0 4 _a333.33 $2 18
110 2 _aBC Hydro
_94781
245 0 0 _aGreen value
_bgreen buildings, growing assets
260 _aLondon
_bRICS
_c2005
520 _aPresents research from Canada, the United States and the United Kingdom based on case-study interviews, supported by a review of best practice and existing publications, arguing that a link is beginning to emerge between the market value of a building and its green features and related performance. Suggests that a link between market value and green practices is now evident, the nature of which will become clearer as the industry works to quantify the financial and non-financial benefits of green buildings.
590 _aIKA081105
690 _aPROPERTY-PROPERTY DEVELOPMENT-SUSTAINABLE PROPERTY DEVELOPMENT
710 1 _aBritish Columbia
710 2 _aEnglish Partnerships
_91764
710 1 _aGreater Vancouver Regional District
710 2 _aGreen Buildings BC
_94782
710 2 _aCanada Green Building Council
_94783
710 2 _aNatural Resources Canada
_94784
710 2 _aReal Property Association of Canada
_94785
710 2 _aRoyal Institution of Chartered Surveyors
_bCanada
_94786
856 4 0 _uhttp://web.archive.org/web/20121228120732/https://www.bluewildernessgroup.com/index.php?action=display&cat=43&doc=greenvaluesreport_1.pdf
_zView on the web archive here
942 _n0
_2ddc
999 _c104739
_d104739